000 00582nam a2200193Ia 4500
005 20260114185739.0
008 008 260114s9999 xx 000 0 eng d
020 _a9781501341595
037 _aEBOOK
040 _aCRL
_beng
_cCRL
041 _aeng
_2eng
084 _qCRL
100 _aRobert Slifkin and Anthony E. Grudin
_9873905
245 4 _aThe Present Prospects of Social Art History
260 _bBloomsbury
_c2021
856 _uhttps://doi.org/10.5040/9781501341595?locatt=label:secondary_bloomsburyCollections
942 _cEBOOK
999 _c1472845
_d1472845